书目信息 |
| 题名: |
秦巴山区高速公路勘察设计关键技术
|
|
| 作者: | ;陕西省交通规划设计研究院有限公司 主编 | |
| 分册: | ||
| 出版信息: | 北京 人民交通出版社股份有限公司 2022.07 |
|
| 页数: | 页 | |
| 开本: | 23cm | |
| 丛书名: | ||
| 单 册: | ||
| 中图分类: | U412.36 | |
| 科图分类: | ||
| 主题词: | 山区道路--shan qu dao lu--高速公路--道路工程--工程地质勘察--陕西 | |
| 电子资源: | ||
| ISBN: | 978-7-114-18046-0 | |
| 000 | 01286nam0 2200217 450 | |
| 001 | 011025153303 | |
| 005 | 20221025153303.0 | |
| 010 | @a978-7-114-18046-0@dCNY200.00 | |
| 100 | @a20201004d2022 em y0chiy0110 ea | |
| 101 | 0 | @achi |
| 102 | @aCN@b110000 | |
| 105 | @ay z 000yy | |
| 106 | @ar | |
| 200 | 1 | @a秦巴山区高速公路勘察设计关键技术@Aqin ba shan qu gao su gong lu kan cha she ji guan jian ji shu@f陕西省交通规划设计研究院有限公司主编 |
| 210 | @a北京@c人民交通出版社股份有限公司@d2022.07 | |
| 215 | @a页@d23cm | |
| 330 | @a本书主要介绍秦巴山区高速公路勘察设计方面的关键技术,主要内容包括:概述、总体设计、工程勘察、路线设计、路基/路面设计、桥梁/涵洞设计、隧道设计、互通式立交设计等。本书主要介绍秦巴山区高速公路勘察设计方面的关键技术,主要内容包括:概述、总体设计、工程勘察、路线设计、路基/路面设计、桥梁/涵洞设计、隧道设计、互通式立交设计等。本书主要介绍秦巴山区高速公路勘察设计方面的关键技术,主要内容包括:概述、总体设计、工程勘察、路线设计、路基/路面设计、桥梁/涵洞设计、隧道设计、互通式立交设计等。 | |
| 606 | 0 | @a山区道路@Ashan qu dao lu@x高速公路@x道路工程@x工程地质勘察@x陕西 |
| 690 | @aU412.36@v5 | |
| 711 | 02 | @a陕西省交通规划设计研究院有限公司@Ashan xi sheng jiao tong gui hua she ji yan jiu yuan you xian gong si@4主编 |
| 905 | @a河南城建学院图书馆@dU412.36@eS158 | |
| 秦巴山区高速公路勘察设计关键技术/陕西省交通规划设计研究院有限公司主编.-北京:人民交通出版社股份有限公司,2022.07 |
| 页;23cm |
| ISBN 978-7-114-18046-0:CNY200.00 |
| 本书主要介绍秦巴山区高速公路勘察设计方面的关键技术,主要内容包括:概述、总体设计、工程勘察、路线设计、路基/路面设计、桥梁/涵洞设计、隧道设计、互通式立交设计等。本书主要介绍秦巴山区高速公路勘察设计方面的关键技术,主要内容包括:概述、总体设计、工程勘察、路线设计、路基/路面设计、桥梁/涵洞设计、隧道设计、互通式立交设计等。本书主要介绍秦巴山区高速公路勘察设计方面的关键技术,主要内容包括:概述、总体设计、工程勘察、路线设计、路基/路面设计、桥梁/涵洞设计、隧道设计、互通式立交设计等。 |
| ● |
| 相关链接 |
|
|
|
正题名:秦巴山区高速公路勘察设计关键技术
索取号:U412.36/S158
 
预约/预借
| 序号 | 登录号 | 条形码 | 馆藏地/架位号 | 状态 | 备注 |
| 1 | 1587352 | 215873525 | 自科库501/501自科库 51排5列2层/ [索取号:U412.36/S158] | 在馆 |